100 największych miast na Słowacji na mapie - Statystyki

Ogólne statystyki
  • Ten quiz został rozwiązany 104 razy
  • Średni wynik to 15 z 100
Odpowiedzi na mapie
Odpowiedzi zakodowano w zielono-czerwonej skali na mapie do tego quizu, zgodnie z poniższymi procentami.
 
Statystyki odpowiedzi
Miasto Kraj Populacja % Poprawnych
Bratysława Bratysławski 478,04
100%
Koszyce Koszycki 225,044
91%
Żylina Żyliński 80,634
86%
Preszów Preszowski 82,286
77%
Trnawa Trnawski 62,955
75%
Bańska Bystrzyca Bańskobystrzycki 74,065
73%
Nitra Nitrzański 76,499
73%
Trenczyn Trenczyński 54,065
72%
Poprad Preszowski 48,741
68%
Martin Żyliński 50,629
37%
Bardejów Preszowski 29,964
35%
Liptowski Mikułasz Żyliński 30,04
34%
Rużomberk Żyliński 26,548
30%
Michalovce Koszycki 35,584
28%
Czadca Żyliński 22,58
25%
Humenne Preszowski 30,006
25%
Nowa Wieś Spiska Koszycki 34,544
25%
Zwolen Bańskobystrzycki 39,453
25%
Komarno Nitrzański 32,114
24%
Lubowla Preszowski 15,628
23%
Kiezmark Preszowski 15,238
20%
Nowe Zamki Nitrzański 36,41
20%
Dunajska Streda Trnawski 22,892
19%
Svidník Preszowski 9,770
18%
Dolny Kubin Żyliński 17,6
15%
Namiestów Żyliński 7,465
15%
Bańska Szczawnica Bańskobystrzycki 9,339
14%
Levice Nitrzański 30,823
14%
Lewocza Preszowski 13,944
14%
Twardoszyn Żyliński 8,760
14%
Trzcianka Żyliński 6,978
11%
Brezno Bańskobystrzycki 19,79
10%
Powaska Bystrzyca Trenczyński 37,261
10%
Prievidza Trenczyński 42,98
10%
Rożniawa Koszycki 16,932
10%
Snina Preszowski 18,101
10%
Bytča Żyliński 11,535
9%
Łuczeniec Bańskobystrzycki 25,018
9%
Pezinok Bratysławski 24,506
9%
Štúrovo Nitrzański 9,361
9%
Trebišov Koszycki 22,812
9%
Kysucké Nové Mesto Żyliński 14,38
8%
Malacky Bratysławski 18,804
8%
Nowe Miasto nad Wagiem Trenczyński 19,296
8%
Šahy Nitrzański 6,992
8%
Swit Preszowski 7,686
8%
Topolczany Nitrzański 24,086
8%
Vrútky Żyliński 7,399
8%
Hlohovec Trnawski 19,774
6%
Liptowski Gródek Żyliński 7,003
6%
Partizánske Trenczyński 20,607
6%
Pieszczany Trnawski 26,668
6%
Rymawska Sobota Bańskobystrzycki 21,341
6%
Sabinov Preszowski 12,169
6%
Skalica Trnawski 15,461
6%
Stropkov Preszowski 9,788
6%
Vranov nad Topľou Preszowski 20,488
6%
Krupina Bańskobystrzycki 7,510
5%
Myjava Trenczyński 10,547
5%
Šaľa Nitrzański 20,239
5%
Stupava Bratysławski 12,803
5%
Veľký Krtíš Bańskobystrzycki 10,457
5%
Zlaté Moravce Nitrzański 11,803
5%
Detva Bańskobystrzycki 13,629
4%
Fiľakovo Bańskobystrzycki 9,683
4%
Galanta Trnawski 15,339
4%
Hurbanovo Nitrzański 7,222
4%
Púchov Trenczyński 16,922
4%
Senica Trnawski 19,28
4%
Wielki Szarysz Preszowski 6,909
4%
Žiar nad Hronom Bańskobystrzycki 16,879
4%
Bánovce nad Bebravou Trenczyński 16,359
3%
Dunajská Lužná Bratysławski 8,014
3%
Holíč Trnawski 10,928
3%
Kolárovo Nitrzański 10,428
3%
Modra Bratysławski 9,201
3%
Senec Bratysławski 20,192
3%
Turzovka Żyliński 6,936
3%
Bernolákovo Bratysławski 9,896
1%
Chorvátsky Grob Bratysławski 7,690
1%
Dubnica nad Váhom Trenczyński 21,805
1%
Handlová Trenczyński 15,608
1%
Hriňová Bańskobystrzycki 7,023
1%
Ivanka pri Dunaji Bratysławski 7,172
1%
Kráľovský Chlmec Koszycki 7,352
1%
Krompachy Koszycki 8,584
1%
Moldava nad Bodvou Koszycki 10,254
1%
Nová Baňa Bańskobystrzycki 6,858
1%
Nová Dubnica Trenczyński 10,381
1%
Revúca Bańskobystrzycki 10,958
1%
Šamorín Trnawski 13,635
1%
Sečovce Koszycki 8,539
1%
Sereď Trnawski 15,166
1%
Smižany Koszycki 8,828
1%
Stará Turá Trenczyński 8,379
1%
Šurany Nitrzański 9,238
1%
Tornaľa Bańskobystrzycki 6,741
1%
Veľké Kapušany Koszycki 8,479
1%
Veľký Meder Trnawski 8,254
1%
Vráble Nitrzański 8,323
1%
Nie znaleziono quizów pasujących do podanych kryteriów
Rozkład punktacji
Procent ludzi z każdym wynikiem
Percentyl według liczby udzielonych odpowiedzi
Twoja historia wyników
Nie rozwiązałeś tego quizu